Logan Paul Quiz Stats

 Plays Quiz not verified by Sporcle

Score 0/8 Timer 05:00
0 Plays Today
Hint Answer % Correct
What is his brother's name?Jake Paul
99.5%
Whats are his fans called?The Logang
97.7%
What is his dog's name?Kong
97.1%
What is his bird's name?Maverick
95.5%
What is his room mate's name?Evan
83.3%
What is his old assistant's nameAyla
83%
What relationship status is he in?Single
76.5%
How many subs does he have as of August 30, 201710,700,000
10%

You're not logged in!

Compare scores with friends on all Sporcle quizzes.
OR
Log In

Sporcle TV

Today on Sporcle TV


Watch our educational content, quiz creation guides, and fun videos on Sporcle TV.

Show Comments

Extras

Created Aug 30, 2017ReportNominate
Tags:logan, paul

Top Quizzes Today


Score Distribution

Your Account Isn't Verified!

In order to create a playlist on Sporcle, you need to verify the email address you used during registration. Go to your Sporcle Settings to finish the process.

Report this User

Report this user for behavior that violates our Community Guidelines.

Details: